000 00792cam a22002291 4500
001 e 21000541
003 DLC
005 20260227111212.0
008 760715s1921 txu s000 0 eng c
010 _ae 21000541
035 _a(OCoLC)2314358
040 _aU.S. Bur. of education
_cTxDW
_dOCoLC
_dDLC
042 _apremarc
050 0 0 _aLB2801.T4
_bA5 1921
110 1 _aTexas.
_bState Department of Education.
245 1 2 _aA brief handbook of information for school trustees.
_cAnnie Webb Blanton, state superintendent of public instruction ... Issued by the Department of Education, state of Texas.
260 _a[Austin?
_c1921]
300 _a10 p.
_c22 cm.
490 0 _aBulletin,
_vno. 131, July, 1921
650 0 _aEducation
_zTexas.
650 0 _aEducational law and legislation
999 _c20486
_d20486